000 00669nam a22001937a 4500
999 _c17374
_d17374
003 AR-CdUCM
008 190508b ||||| |||| 00| 0 spa d
040 _aMUNICIPALIDAD PROVINCIAL DEL CUSCO
_cBIBLIOTECA MUNICIPAL DEL CUSCO
082 _a129.854 /
_bIB25
100 _aIberico, Mariano
_917771
245 _aEl sentimiento de la vida cósmica /
260 _aBuenos Aires :
_bLosada,
_c1946.
300 _a122 páginas ;
_c19 cm.
440 _aBiblioteca contemporánea ;
_927761
505 _aContenido: Las formas del sentimiento de la naturaleza -- El sentimiento del ritmo cósmico.
650 _aVida
_9884
942 _2ddc
_cLIBROS
945 _aacv
_d2019-05-08